| 000 | 01169cam a22003494a 4500 | ||
|---|---|---|---|
| 999 |
_c29127 _d29098 |
||
| 001 | 12883429 | ||
| 003 | EG-ScBUE | ||
| 005 | 20210531100548.0 | ||
| 008 | 020805t2004 inua f 000 0 eng d | ||
| 020 | _a0789727129 | ||
| 020 | _a9780789727121 | ||
| 035 | _a(DLC) 2002111089 | ||
| 040 |
_aDLC _beng _erda _cDLC _dEG-ScBUE |
||
| 082 | 0 | 4 |
_a005.2762 _bBEA _222 |
| 245 | 0 | 0 |
_aBEA WebLogic platform 7 / _cJatinder Prem [and four others] |
| 264 | 1 |
_aIndianapolis, Indiana : _bSams Publishing, _c[2004] |
|
| 264 | 4 | _cc2004 | |
| 300 |
_axxix, 1426 pages : _billustrations ; _c23 cm |
||
| 336 |
_2rdacontent _atext _btxt |
||
| 337 |
_2rdamedia _aunmediated _bn |
||
| 338 |
_2rdacarrier _avolume _bnc |
||
| 590 | _aLC copy bound in 2 v.: v. 1, p. 1-724; v. 2, p. 725-1426. | ||
| 630 | 0 | 7 |
_aBEA WebLogic server. _2BUEsh |
| 650 | 7 |
_aWeb servers. _2BUEsh |
|
| 650 | 7 |
_aJava (Computer program language) _2BUEsh |
|
| 653 |
_bCOMSCI _cMay2021 |
||
| 655 |
_vReading book _934232 |
||
| 700 | 1 |
_aPrem, Jatinder, _eauthor. _93216 |
|
| 906 |
_a7 _bcbc _corignew _d2 _eepcn _f20 _gy-gencatlg |
||
| 942 |
_2ddc _cBB |
||